Những bí ẩn về cựu hoàng Duy Tân /

محفوظ في:
التفاصيل البيبلوغرافية
المؤلف الرئيسي: Nguyễn Đắc Xuân
التنسيق: Sách giấy
اللغة:Vietnamese
منشور في: Huế : Thuận hóa , 1998
الوسوم: إضافة وسم
لا توجد وسوم, كن أول من يضع وسما على هذه التسجيلة!
Thư viện lưu trữ: Thư viện Trường Đại học Đà Lạt
LEADER 00580nam a2200241 4500
001 DLU020009049
005 ##9/20/1999
041 # # |a vie 
082 # # |a 923.1  |b NG-X 
090 # # |a 923.1  |b NG-X 
100 # # |a Nguyễn Đắc Xuân 
245 # # |a Những bí ẩn về cựu hoàng Duy Tân /  |c Nguyễn Đắc Xuân 
260 # # |a Huế :  |b Thuận hóa ,  |c 1998 
300 # # |a 155 tr.;   |c 19 cm. 
992 # # |a 12000 
994 # # |a DLU 
900 # # |a False 
911 # # |a Administrator 
925 # # |a G 
926 # # |a A 
927 # # |a SH 
980 # # |a Thư viện Trường Đại học Đà Lạt